00305nam a2200109Ia 4500008004100000082001600041100001700057245004800074260004900122300000800171650001600179191201s2001 xx 000 0 und d a006.62bBOH aBOSE, Sanjay 0aHardware and Software of Personal Computers aN.DelhibNew Age International (P) ltdc2001 a259 aB.Tech(CSE)